Worst Team In European Competitions: 2021-2026 - Statistics

General Stats
  • This quiz has been taken 5 times
  • The average score is 4 of 15
Answer Stats
Season Competition Nation Club % Correct
2022/23 Champions League Scotland Rangers
100%
2021/22 Champions League Turkey Besiktas
80%
2024/25 Champions League Switzerland Young Boys
60%
2021/22 Europa League Denmark Brondby
40%
2025/26 Europa League Israel Maccabi Tel Aviv
40%
2023/24 Champions League Serbia Red Star Belgrade
40%
2025/26 Champions League Kazakhstan Kairat
20%
2024/25 Europa League Azerbaijan Qarabag
20%
2025/26 Conference League Austria Rapid Vienna
20%
2023/24 Conference League Serbia Cukaricki
0%
2022/23 Conference League Romania FCSB
0%
2023/24 Europa League Sweden Hacken
0%
2021/22 Conference League Gibraltar Lincoln Red Imps
0%
2022/23 Europa League Cyprus Omonia
0%
2024/25 Conference League Moldova Petrocub
0%
No matching quizzes found
Score Distribution
Percent of People with Each Score
Percentile by Number Answered
Your Score History
You have not taken this quiz